A COMPARATIVE STUDY OF EFFICACY OF CHLOROQUINE PHOSPHATE 0.03 PERCENT EYE DROPS AND SODIUM CARBOXY-METHYLCELLULOSE 0.5% EYE DROPS IN DRY EYE DISEASE (Record no. 33196)

MARC details
000 -LEADER
fixed length control field 00422nam a22001457a 4500
003 - CONTROL NUMBER IDENTIFIER
control field SGT
082 ## - DEWEY DECIMAL CLASSIFICATION NUMBER
Classification number 617.7
Item number C22H
100 ## - MAIN ENTRY--PERSONAL NAME
Personal name HARVINDER
245 ## - TITLE STATEMENT
Title A COMPARATIVE STUDY OF EFFICACY OF CHLOROQUINE PHOSPHATE 0.03 PERCENT EYE DROPS AND SODIUM CARBOXY-METHYLCELLULOSE 0.5% EYE DROPS IN DRY EYE DISEASE
260 ## - PUBLICATION, DISTRIBUTION, ETC. (IMPRINT)
Place of publication, distribution, etc GURUGRAM
Name of publisher, distributor, etc SGTU
Year of Publication 2022
300 ## - PAGE DESCRIPTION
No. of Pages 71
650 ## - SUBJECT ADDED ENTRY--TOPICAL TERM
Topical term or geographic name as entry element OPTHALMOLOGY
653 ## - KEYWORDS--INDEX TERM
Keyword term MS
942 ## - ADDED ENTRY ELEMENTS (KOHA)
Source of classification or shelving scheme Dewey Decimal Classification
Koha item type Thesis/Dissertation
Holdings
Withdrawn status Lost status Source of classification or shelving scheme Damaged status Not for loan Home library Current library Shelving location Date acquired Total Checkouts Full call number Accession No. (Barcode) Date last seen Bill Date Koha item type
    Dewey Decimal Classification   Not For Loan SGT Medical Library SGT Medical Library Reference Book 12/11/2025   617.7 C22H DT2483 12/11/2025 12/11/2025 Thesis/Dissertation